Manažérske schopnosti a ich progresívny vývoj
Pojem vodcovstvo. Základné rysy a charakteristiky lídra.
Gespeichert in:
| 1. Verfasser: | |
|---|---|
| Format: | Buchkapitel |
| Sprache: | Slowakisch |
| Schlagworte: | |
| Tags: |
Keine Tags, Fügen Sie das erste Tag hinzu!
|
MARC
| LEADER | 00000naa a2200000 4500 | ||
|---|---|---|---|
| 001 | 0210045 | ||
| 005 | 20231120130635.8 | ||
| 041 | 0 | |a slo | |
| 044 | |a SK | ||
| 245 | 1 | 0 | |a Manažérske schopnosti a ich progresívny vývoj |c Oľga Poniščiaková |
| 520 | |a Pojem vodcovstvo. Základné rysy a charakteristiky lídra. | ||
| 610 | 2 | 0 | |a manažéri |
| 610 | 2 | 0 | |a lídri |
| 610 | 2 | 0 | |a riadenie ľudských zdrojov |
| 610 | 2 | 0 | |a vodcovstvo |
| 100 | 1 | |a Poniščiaková, Oľga | |